sports cars quiz - Statistics

General Stats
  • This quiz has been taken 578 times
  • The average score is 7 of 14
Answer Stats
Hint Answer % Correct
veyron bugatti
92%
enzo ferrari
88%
R8 audi
82%
carrera porsche
82%
gtr Nissan
76%
720 s mclaren
63%
huayra pagani
62%
agera r koenigsegg
59%
352 500 XL galaxy ford
29%
acr x dodge
28%
veneno lamborgini
23%
AMG GTR mercedes amg
11%
4c spider alfa remeo
1%
grantorismo massarati
1%
No matching quizzes found
Score Distribution
Percent of People with Each Score
Percentile by Number Answered
Your Score History
You have not taken this quiz